| 000 | 00945nam a2200241 i 4500 | ||
|---|---|---|---|
| 001 | bg | ||
| 245 | 0 | 0 |
_aIX [dziewiąty] Sejmik Morski : _bprzekształcenia własnościowe i strukturalne w gospodarce morskiej : Mielno-Koszalin maj 1993 r. / _cStowarzyszenie "Civitas Christiana", Ośrodek Myśli Morskiej. |
| 246 | 1 | 1 | _aPrzekształcenia własnościowe i strukturalne w gospodarce morskiej |
| 260 |
_aSzczecin : _bFOKA, _c1994. |
||
| 300 |
_a168 s. : _b2 wykr. ; _c21 cm. |
||
| 500 | _aNa okł. i s. red. ISSN dla sejmików. | ||
| 504 | _aIndeks. | ||
| 650 | 9 |
_aGospodarka morska _zPolska _yod 1989 r. |
|
| 650 | 9 |
_aPorty _xorganizacja _zPolska _yod 1989 r. |
|
| 650 | 9 |
_aPorty _xprawo _zPolska _yod 1989 r. |
|
| 650 | 9 |
_aPrywatyzacja _zPolska |
|
| 655 | _aMateriały konferencyjne | ||
| 040 | _cBPK | ||
| 041 | 0 | _apl | |
| 080 | _a338.4(26):627.2/.3:334.72](438)"1989/..."(061.3) | ||
| 942 | _cKS | ||
| 008 | s pl f |000 0 pol | ||
| 999 |
_c32111 _d32111 |
||
| 856 |
_uhttp://koha.tu.koszalin.pl/cgi-bin/koha/opac-detail.pl?biblionumber=32111 _yKatalog online BPK |
||